000 00301nam a22001217a 4500
020 _a0070844577
082 _a658.407 FAR
100 _aFarnsworth,Terry
245 _aDeveloping executive talent
260 _aEngland
_bMcGRAW-HILLbook company (UK) ltd
_c1975
300 _aix,162p
_b24cm.
942 _cBK
999 _c16527
_d16527